Giáo trình các trở ngại của đất trong sản xuất nông nghiệp
保存先:
| 第一著者: | |
|---|---|
| その他の著者: | , |
| フォーマット: | 図書 |
| 言語: | Vietnamese |
| 出版事項: |
Cần Thơ
Đại học Cần Thơ
2013
|
| 主題: | |
| タグ: |
タグ追加
タグなし, このレコードへの初めてのタグを付けませんか!
|
| Thư viện lưu trữ: | Trung tâm Học liệu Lê Vũ Hùng, Trường Đại học Đồng Tháp |
|---|
| LEADER | 00902pam a22002778a 4500 | ||
|---|---|---|---|
| 001 | 00037246 | ||
| 005 | 20171026081025.0 | ||
| 008 | 170511s2013 ||||||viesd | ||
| 041 | 0 | # | |a vie |
| 082 | 1 | 4 | |a 631.4 |b GI108TR |
| 100 | 0 | # | |a Võ, Thị Gương |
| 245 | 0 | 0 | |a Giáo trình các trở ngại của đất trong sản xuất nông nghiệp |c Võ Thị Gương; Tất Anh Thư |
| 260 | # | # | |a Cần Thơ |b Đại học Cần Thơ |c 2013 |
| 300 | # | # | |a 164tr. |c 24 cm. |
| 653 | # | # | |a giáo trình |
| 653 | # | # | |a sản xuất |
| 653 | # | # | |a Đất |
| 700 | 1 | # | |a Trần, Bá Linh |
| 700 | 1 | # | |a Tất, Anh Thư |
| 852 | # | # | |b Kho mượn |j KGT.0052641 |
| 852 | # | # | |b Kho đọc |j KD.0020762 |
| 852 | # | # | |j KGT.0052641 |j KD.0020762 |
| 910 | 0 | # | |d 11/05/2017 |
| 980 | # | # | |a Trung tâm Học liệu Lê Vũ Hùng, Trường Đại học Đồng Tháp |